Existencia korupčného správania sa vo verejnom obstarávaní v praxi miestnej samosprávy
Faktory na úrovni formálnych a neformálnych pravidiel podmieňujúce existenciu korupčného správania sa vo verejnom obstarávaní. Dôvody neúčasti na súťažiach vo verejnom obstarávaní. Analýza využitých metód verejného obstarávania pri externom zabezpečovaní miestnych verejných služieb vo vybraných obci...
Guardado en:
| Autor principal: | |
|---|---|
| Formato: | Capítulo de libro |
| Lenguaje: | eslovaco |
| Materias: | |
| Etiquetas: |
Sin Etiquetas, Sea el primero en etiquetar este registro!
|
MARC
| LEADER | 00000naa$a2200000$$$4500 | ||
|---|---|---|---|
| 001 | 0008070 | ||
| 005 | 20230825102833.3 | ||
| 041 | 0 | |a slo | |
| 044 | |a SK | ||
| 245 | 1 | 0 | |a Existencia korupčného správania sa vo verejnom obstarávaní v praxi miestnej samosprávy |c aut. Beáta Meričková |
| 520 | |a Faktory na úrovni formálnych a neformálnych pravidiel podmieňujúce existenciu korupčného správania sa vo verejnom obstarávaní. Dôvody neúčasti na súťažiach vo verejnom obstarávaní. Analýza využitých metód verejného obstarávania pri externom zabezpečovaní miestnych verejných služieb vo vybraných obciach SR. | ||
| 610 | 2 | 0 | |a samospráva miestna |
| 610 | 2 | 0 | |a obstarávanie verejné |
| 610 | 2 | 0 | |a korupcia |
| 610 | 2 | 0 | |a Slovensko |
| 100 | 1 | |a Meričková, Beáta | |